000 00603cam3a220021700 4500
001 zam00002851
008 951128s1971 xx eng u
035 _a(Sirsi) r20190
035 _a(MACHINE)SLC.
100 1 _aAyandele, Emmanuel Ayankanmi.
_6A4668.1
245 1 4 _aThe making of Africa.
260 _c1971.
949 _aDT28
_wlcc
_mMAIN
_p2500
_tSHORTLOAN
_lSHORTLOAN
004 20190
591 _aClass code: H 230.
591 _aCourse: History of modern Africa.
591 _aSchool: S05.
591 _aLecturer: Dr. MULENGA, M.N.
591 _aNumber of Students: 24.
909 _aBook
999 _c8414
_d8414